| 000 | 01396cam a2200169 4500500 | ||
|---|---|---|---|
| 005 | 20260111104955.0 | ||
| 041 | _afre | ||
| 042 | _adc | ||
| 100 | 1 | 0 |
_aWachman, Alan _eauthor |
| 245 | 0 | 0 | _aLa politique chinoise des États-Unis ou l'Amérique face à elle-même |
| 260 | _c2005. | ||
| 500 | _a49 | ||
| 520 | _aRésuméLes vues américaines sur la République populaire de Chine (RPC) reflètent des visions divergentes de l’identité nationale américaine. Le débat aux États-Unis sur les intentions de la RPC et la ligne à suivre face à Pékin sont donc moins le résultat de désaccords sur les faits que d’interprétations et de projets concurrents sur le rôle des États-Unis dans les affaires internationales. | ||
| 520 | _aMirror or Window ? Visions of America determine views of ChinaAmerican views of the People’s Republic of China (PRC) reflect differing visions of American national identity. Hence, debates within the U.S. about the nature of the PRC and prescriptions for America’s “China policy” result less from disagreements about evidence than from disputes about interpretation and contestation about the preferred role for the U.S. in international affairs. | ||
| 786 | 0 | _nPolitique américaine | 2 | 2 | 2005-06-01 | p. 43-62 | 1771-8848 | |
| 856 | 4 | 1 | _uhttps://shs.cairn.info/revue-politique-americaine-2005-2-page-43?lang=fr&redirect-ssocas=7080 |
| 999 |
_c1631283 _d1631283 |
||